Personnages Ghibli- Qui est-ce? - Statistiques

Statistiques générales
  • Ce quiz a été pris 195 fois
  • Le résultat moyen est 10 sur 16
Statistiques - réponses
Par images Réponse % Correct
Brunehilde/Ponyo (Ponyo sur la falaise)
98%
Calcifer (Le Château Ambulant)
96%
Chat Bus (Mon voisin Totoro)
92%
Porco Rosso (Porco Rosso)
88%
Jiji (Kiki la petite sorcière)
75%
Robot laputian (Le Château dans le ciel)
70%
Tanukis (Pompoko)
65%
Noiraudes (Le voyage de Chihiro+Mon voisin Totoro)
62%
Yakuru (Princesse Mononoke)
59%
Moro (Princesse Mononoke)
54%
Kamaji (Le Voyage de Chihiro)
51%
Seita (Le tombeau des lucioles)
46%
Hin (Le Château Ambulant)
41%
Teto (Nausicaa de la vallée du vent)
38%
Baron von Gikkingen (Le Royaume des Chats)
30%
Epervier (Les Contes de Terremer)
30%
Aucun quiz correspondant
Distribution des résultats
% des personnes avec chaque résultat
Percentile par nombre de réponses
Votre historique - résultats
Vous n’avez pas pris ce quiz